Sociálne aspekty bývania

Problém bývania a formy pomoci štátu pri riešení bytových problémov. Problém bývania z hľadiska sociálnych aspektov. Poskytovanie novej štátnej dávky tzv. príspevku na bývanie. Vzorec na kvantifikované vyjadrenie príspevku na bývanie. Rozhodovanie o najvhodnejšom systéme príspevkov na bývanie. Ciele...

Descripción completa

Guardado en:
Detalles Bibliográficos
Autor principal: Havelková, E.
Formato: Capítulo de libro
Lenguaje:eslovaco
Materias:
Etiquetas: Agregar Etiqueta
Sin Etiquetas, Sea el primero en etiquetar este registro!

MARC

LEADER 00000naa a2200000 4500
001 r017443
005 20221205102557.6
041 0 |a slo 
044 |a SK 
245 1 0 |a Sociálne aspekty bývania  |c E. Havelková 
520 |a Problém bývania a formy pomoci štátu pri riešení bytových problémov. Problém bývania z hľadiska sociálnych aspektov. Poskytovanie novej štátnej dávky tzv. príspevku na bývanie. Vzorec na kvantifikované vyjadrenie príspevku na bývanie. Rozhodovanie o najvhodnejšom systéme príspevkov na bývanie. Ciele pripravovanej koncepcie príspevkov na bývanie. 
610 2 0 |a bývanie 
610 2 0 |a dávky sociálne 
610 2 0 |a pomoc sociálna 
610 2 0 |a štát 
610 2 0 |a politika bytová 
610 2 0 |a potreby obyvateľstva 
100 1 |a Havelková, E.